[Event "40th Olympiad Women"]
[Site "Istanbul TUR"]
[Date "2012.09.04"]
[Round "7.3"]
[Board "4"]
[White "Collas, Silvia"]
[Black "Ushenina, Anna"]
[Result "1/2-1/2"]
[WhiteTitle "IM"]
[BlackTitle "IM"]
[WhiteElo "2261"]
[BlackElo "2433"]
[WhiteTeam "France"]
[BlackTeam "Ukraine"]
[WhiteFideId "2902265"]
[BlackFideId "14110911"]
[EventDate "2012.08.28"]

1. c4 e5 2. g3 Nf6 3. Bg2 d5 4. cxd5 Nxd5 5. Nc3 Nb6 6. e3 c5 7. Nge2 Nc6 8. O-O
Be7 9. f4 exf4 10. Nxf4 O-O 11. b3 Bf5 12. Bb2 Qd7 13. Ncd5 Nxd5 14. Nxd5 Bh3
15. Bxh3 Qxh3 16. Nxe7+ Nxe7 17. Rc1 b6 18. Rc4 Qe6 19. Qg4 Qxg4 20. Rxg4 Ng6
21. b4 Rad8 22. Bc3 cxb4 23. Rxb4 Rfe8 24. a4 Ne5 25. a5 Nc6 26. Rg4 Ne5 27. Rb4
Nc6 28. Rg4 Ne5 29. Rb4 Nc6 30. Rg4 Ne5 1/2-1/2

[Event "40th Olympiad Women"]
[Site "Istanbul TUR"]
[Date "2012.09.04"]
[Round "7.4"]
[Board "1"]
[White "Bojkovic, Natasa"]
[Black "Nguyen, Thi Mai Hung"]
[Result "1/2-1/2"]
[WhiteTitle "IM"]
[BlackTitle "WIM"]
[WhiteElo "2392"]
[BlackElo "2212"]
[WhiteTeam "Serbia"]
[BlackTeam "Vietnam"]
[WhiteFideId "908550"]
[BlackFideId "12401676"]
[EventDate "2012.08.28"]

1. e4 c5 2. Nf3 g6 3. c3 Bg7 4. d4 cxd4 5. cxd4 d5 6. e5 Bg4 7. Bb5+ Nd7 8. Nc3
e6 9. h3 Bxf3 10. Qxf3 a6 11. Ba4 Ne7 12. Bg5 O-O 13. O-O b5 14. Bc2 f6 15. exf6
Nxf6 16. Qe3 Qd7 17. a4 Nf5 18. Bxf5 exf5 19. axb5 axb5 20. Rxa8 Rxa8 21. Bxf6
Bxf6 22. Qf3 Rd8 23. Qd3 Rb8 24. Ra1 b4 25. Ne2 Qb5 26. Qf3 Re8 27. Nf4 Bxd4 28.
Nxd5 Qe2 29. Nxb4 Qxf3 30. gxf3 Bxb2 31. Ra2 Bd4 32. Nc6 1/2-1/2

[Event "40th Olympiad Women"]
[Site "Istanbul TUR"]
[Date "2012.09.04"]
[Round "7.4"]
[Board "2"]
[White "Le, Kieu Thien Kim"]
[Black "Manakova, Maria"]
[Result "1-0"]
[WhiteTitle "WIM"]
[BlackTitle "WGM"]
[WhiteElo "2226"]
[BlackElo "2304"]
[WhiteTeam "Vietnam"]
[BlackTeam "Serbia"]
[WhiteFideId "12400572"]
[BlackFideId "927007"]
[EventDate "2012.08.28"]

1. d4 Nf6 2. Nf3 g6 3. Bf4 Bg7 4. e3 O-O 5. c3 b6 6. h3 Bb7 7. Be2 d6 8. O-O c5
9. a4 a6 10. Nbd2 cxd4 11. exd4 Nd5 12. Bh2 Bh6 13. Re1 Nf4 14. Bf1 Nd7 15. Ne4
Ra7 16. Neg5 Nd5 17. h4 N7f6 18. c4 Nb4 19. d5 a5 20. Nd4 Bc8 21. Bf4 Bg7 22.
Bd2 Bd7 23. Bxb4 axb4 24. Ngf3 Ng4 25. Qb3 e5 26. dxe6 fxe6 27. Nxe6 Bxe6 28.
Rxe6 Raf7 29. c5 dxc5 30. Re4 Nf6 31. Ree1 Kh8 32. Ng5 Re7 33. Ne6 Rxe6 34. Qxe6
Qd4 35. Rad1 Qxh4 36. g3 Qh5 37. Be2 Qg5 38. Bf3 Ng8 39. Rd5 Qf6 40. Qxf6 Bxf6
41. b3 Bd4 42. Kg2 Nh6 43. Re7 Nf7 44. Be4 Bf6 45. Re6 Bd8 46. f4 Nh6 47. Red6
Nf7 48. Rd7 Bf6 49. Rb7 Nd8 50. Rxb6 Bd4 51. Rb8 Bf6 52. a5 1-0

[Event "40th Olympiad Women"]
[Site "Istanbul TUR"]
[Date "2012.09.04"]
[Round "7.4"]
[Board "4"]
[White "Pham, Bich Ngoc"]
[Black "Rakic, Marija"]
[Result "1/2-1/2"]
[WhiteTitle "WIM"]
[BlackTitle "WIM"]
[WhiteElo "2172"]
[BlackElo "2300"]
[WhiteTeam "Vietnam"]
[BlackTeam "Serbia"]
[WhiteFideId "12401285"]
[BlackFideId "936286"]
[EventDate "2012.08.28"]

1. c4 Nf6 2. Nc3 c5 3. g3 Nc6 4. Bg2 g6 5. Nf3 Bg7 6. d4 cxd4 7. Nxd4 O-O 8. O-O
Qb6 9. Nc2 d6 10. b3 Bd7 11. Bg5 Qa5 12. Bd2 a6 13. Nd5 Qd8 14. Bc3 Nxd5 15.
Bxg7 Ne3 16. Nxe3 Kxg7 17. Qd2 Rc8 18. Rfd1 Qa5 19. Qb2+ Kg8 20. Rac1 Be6 21.
Bd5 Bh3 22. a3 Qb6 23. b4 a5 24. b5 Ne5 25. Rd4 Be6 26. Qd2 Nd7 27. Re4 Nc5 28.
Qd4 Qd8 29. Rh4 h5 30. Rf1 Bxd5 31. Nxd5 e5 32. Qe3 Ne6 33. f4 exf4 34. Qc3 f5
35. Kh1 Rc5 36. Rg1 Kh7 37. Qf3 Ng7 38. Rxf4 Ne6 39. Rh4 Ng5 40. Qc3 Ne4 41. Qd4
Qc8 42. Rxe4 fxe4 43. Nf6+ Kh6 44. g4 Qe6 45. Nxe4 Re5 46. g5+ Kh7 47. Nf6+ Rxf6
48. gxf6 Qxf6 49. Rd1 Qf5 50. Qd3 Qf4 51. Rg1 Re6 52. a4 Qe5 53. Qf3 Re7 54. Rd1
Kg7 55. Qd3 Re6 56. Qf3 b6 57. Rf1 Qe4 58. Qxe4 Rxe4 59. Rd1 Re6 60. Kg1 Kf6 61.
Kf2 Ke7 62. Kf3 Rf6+ 63. Ke3 Ke6 64. h4 Rf5 65. Rg1 Kf6 66. Rd1 Ke6 67. Rg1 Kf6
68. Ke4 1/2-1/2

[Event "40th Olympiad Women"]
[Site "Istanbul TUR"]
[Date "2012.09.04"]
[Round "7.5"]
[Board "1"]
[White "Hoang, Thanh Trang"]
[Black "Vojinovic, Jovana"]
[Result "1/2-1/2"]
[WhiteTitle "GM"]
[BlackTitle "WGM"]
[WhiteElo "2464"]
[BlackElo "2337"]
[WhiteTeam "Hungary"]
[BlackTeam "Montenegro"]
[WhiteFideId "12400149"]
[BlackFideId "937266"]
[EventDate "2012.08.28"]

1. d4 e6 2. Bf4 Nf6 3. e3 b6 4. Nf3 Bb7 5. Bd3 c5 6. c3 Be7 7. h3 O-O 8. Nbd2 d6
9. O-O Nbd7 10. Qe2 cxd4 11. exd4 Re8 12. Bh2 Bf8 13. Rad1 a6 14. a4 Nd5 15. Ne4
N7f6 16. Rfe1 Qd7 17. Nfd2 Nxe4 18. Nxe4 h6 19. Nd2 Qxa4 20. Ra1 Qc6 21. Qf1 b5
22. Nb3 Qd7 23. Na5 Nb6 24. Nxb7 Qxb7 25. Bc2 Nd7 26. Qd3 g6 27. Re3 Qc6 28.
Rae1 Nf6 29. Rf3 Bg7 30. Bf4 Nd5 31. Bd2 Ra7 32. h4 Rc7 33. Bb1 Qc4 34. Qc2 h5
35. Qc1 Kh7 36. Qd1 Kg8 37. Qc1 Kh7 38. Qd1 Kg8 1/2-1/2

[Event "40th Olympiad Women"]
[Site "Istanbul TUR"]
[Date "2012.09.04"]
[Round "7.5"]
[Board "2"]
[White "Milovic, Aleksandra"]
[Black "Gara, Ticia"]
[Result "1/2-1/2"]
[WhiteTitle "WFM"]
[BlackTitle "WGM"]
[WhiteElo "2181"]
[BlackElo "2385"]
[WhiteTeam "Montenegro"]
[BlackTeam "Hungary"]
[WhiteFideId "933988"]
[BlackFideId "717444"]
[EventDate "2012.08.28"]

1. e4 c5 2. Nf3 d6 3. d4 cxd4 4. Nxd4 Nf6 5. Nc3 Nc6 6. Bg5 e6 7. Qd2 a6 8. f3
Bd7 9. O-O-O Be7 10. h4 h6 11. Be3 h5 12. Kb1 Ne5 13. Bd3 b5 14. Qe1 Qc7 15. f4
Nxd3 16. cxd3 Ng4 17. Rc1 Qb7 18. f5 Nxe3 19. Qxe3 Qa7 20. fxe6 fxe6 21. Nc2
Qxe3 22. Nxe3 O-O 23. Ne2 Rac8 24. Rxc8 Bxc8 25. Nd4 Bd8 26. Nf3 Bb6 27. Nc2 Rf4
28. Rc1 Bd7 29. Ncd4 Rg4 30. Rc2 Bd8 31. Nc6 Bxh4 32. Nb8 Be8 33. Nxa6 Kf7 34.
e5 d5 35. d4 Be7 36. a3 g5 37. b4 Rg3 38. Rf2 Kg6 39. Nc7 Bd7 40. Kb2 g4 41. Ng1
Rd3 42. Ne2 Bg5 43. g3 Rf3 44. Rg2 Be3 45. Na6 Kf5 46. Nc5 Be8 47. Nb7 Kg5 48.
Nc5 Bf7 49. a4 bxa4 50. b5 a3+ 51. Ka2 Be8 52. b6 Bc6 53. Nxe6+ Kg6 54. Nc5 Rf8
55. e6 Rb8 56. Nd7 Bxd7 57. exd7 Bg5 58. Nf4+ Kf7 59. Nxd5 Ke6 60. Re2+ Kxd7 61.
Kxa3 Bd8 62. Re5 Bxb6 63. Nxb6+ Rxb6 64. Rxh5 Rd6 65. d5 Rf6 66. Kb4 Rf3 67. Kc5
Rc3+ 68. Kd4 1/2-1/2

[Event "40th Olympiad Women"]
[Site "Istanbul TUR"]
[Date "2012.09.04"]
[Round "7.5"]
[Board "3"]
[White "Rudolf, Anna"]
[Black "Blagojevic, Tijana"]
[Result "1/2-1/2"]
[WhiteTitle "WGM"]
[WhiteElo "2289"]
[BlackElo "2004"]
[WhiteTeam "Hungary"]
[BlackTeam "Montenegro"]
[WhiteFideId "722855"]
[BlackFideId "16500270"]
[EventDate "2012.08.28"]

1. e4 e5 2. Nf3 Nc6 3. Bb5 Nge7 4. c3 a6 5. Ba4 g6 6. d4 exd4 7. cxd4 b5 8. Bb3
Bg7 9. Nc3 Na5 10. Bc2 O-O 11. O-O d6 12. Bf4 Nc4 13. Qc1 Bg4 14. Ne2 f5 15. h3
Bh5 16. Bg5 Qd7 17. Kh2 fxe4 18. Bxe4 d5 19. Bxe7 dxe4 20. Bxf8 exf3 21. Bxg7
fxe2 22. Rg1 Kxg7 23. g4 Rf8 24. Qe1 Qd6+ 25. Rg3 Qxd4 26. Kg1 Qxb2 27. Qc3+
Qxc3 28. Rxc3 Nd2 29. Kg2 Bxg4 30. hxg4 Rxf2+ 31. Kxf2 Ne4+ 32. Kxe2 Nxc3+ 33.
Kd3 Na4 34. Kd4 c5+ 35. Ke5 c4 36. Rd1 Nc3 37. Rd7+ Kf8 38. g5 Nxa2 39. Ke6 c3
40. Rd8+ Kg7 41. Rd7+ Kf8 42. Rd8+ Kg7 43. Rd7+ 1/2-1/2

[Event "40th Olympiad Women"]
[Site "Istanbul TUR"]
[Date "2012.09.04"]
[Round "7.5"]
[Board "4"]
[White "Bacic, Kristina"]
[Black "Papp, Petra"]
[Result "0-1"]
[BlackTitle "WGM"]
[WhiteElo "1801"]
[BlackElo "2302"]
[WhiteTeam "Montenegro"]
[BlackTeam "Hungary"]
[WhiteFideId "16500245"]
[BlackFideId "739049"]
[EventDate "2012.08.28"]

1. d4 d5 2. Nf3 Nf6 3. Bf4 c5 4. dxc5 Nc6 5. e3 Qa5+ 6. Nbd2 Qxc5 7. a3 g6 8. c4
dxc4 9. Bxc4 Bg7 10. b4 Qb6 11. Qb3 O-O 12. Ng5 e6 13. Rc1 Nh5 14. Bg3 Qd8 15.
Ngf3 Nxg3 16. hxg3 b6 17. Bb5 Ne7 18. O-O a6 19. Be2 Bb7 20. Rfd1 b5 21. Qb1 Qb6
22. Rc5 Nd5 23. Rdc1 Rac8 24. Rxc8 Rxc8 25. Rxc8+ Bxc8 26. Ne4 Qc7 27. Nc5 Nc3
28. Qd3 Nxe2+ 29. Qxe2 Qd6 30. Qc2 Qd5 31. Nd2 f5 32. Ndb3 e5 33. Nd2 e4 34. Kf1
Bb2 35. Nb1 Kf7 36. Ke2 Ke7 37. f3 exf3+ 38. gxf3 Kd6 39. f4 a5 40. Qd3 Qxd3+
41. Kxd3 Bxa3 42. Nxa3 axb4 43. Nxb5+ Kxc5 44. Nd4 Kd5 45. Nc2 Ba6+ 46. Kd2 Kc4
47. Nd4 Bc8 48. Kc2 Bd7 49. Nf3 Ba4+ 50. Kb2 Kd3 51. Ng5 h6 52. Nf7 h5 53. Ne5+
Kxe3 54. Nxg6 Kf3 55. Nh4+ Kxg3 56. Nxf5+ Kxf4 57. Ne7 Kg3 58. Nf5+ Kf4 59. Ne7
h4 60. Nd5+ Kg3 61. Nxb4 h3 0-1

[Event "40th Olympiad Women"]
[Site "Istanbul TUR"]
[Date "2012.09.04"]
[Round "7.6"]
[Board "1"]
[White "Matnadze, Ana"]
[Black "Dembo, Yelena"]
[Result "1/2-1/2"]
[WhiteTitle "IM"]
[BlackTitle "IM"]
[WhiteElo "2422"]
[BlackElo "2457"]
[WhiteTeam "Spain"]
[BlackTeam "Greece"]
[WhiteFideId "13601377"]
[BlackFideId "723916"]
[EventDate "2012.08.28"]

1. d4 Nf6 2. g3 g6 3. Bg2 Bg7 4. Nf3 O-O 5. O-O d6 6. c4 Nc6 7. Nc3 Bf5 8. d5
Na5 9. Nd4 Bd7 10. b3 c5 11. Nc2 a6 12. Bd2 b5 13. cxb5 axb5 14. b4 Nc4 15. Be1
Qb6 16. Rb1 Qa6 17. h3 Rab8 18. e4 e6 19. dxe6 fxe6 20. f4 Bc6 21. Qe2 Nd7 22.
a4 Bxc3 23. Bxc3 Qxa4 24. bxc5 dxc5 25. f5 e5 26. Ra1 Qb3 27. Rf3 gxf5 28. Be1
Qb2 29. Bc3 Qb3 30. Bd4 Qxf3 31. Bxf3 exd4 32. exf5 Bxf3 33. Qxf3 Nce5 34. Qd5+
Kh8 35. g4 b4 36. Rb1 Rbc8 37. Rc1 Rfe8 38. g5 Nb6 39. Qb7 Rb8 40. Qc7 Nbd7 41.
f6 b3 42. Na3 b2 43. Rb1 Ra8 44. Nc2 d3 45. Rxb2 dxc2 46. Rxc2 Rac8 47. Qb7 c4
48. h4 Rg8 49. Kh2 c3 50. Kh3 Rc4 51. Qd5 Rgc8 52. Qe6 Rd4 53. h5 Rd3+ 54. Kg2
Rg8 55. g6 hxg6 56. f7 Rf8 57. hxg6 Kg7 58. Qb3 Rc8 59. Qb7 Rb8 60. Qc7 Rb2 61.
Rf2 Nxg6 62. Rxb2 cxb2 63. Qc2 Nde5 64. Qxb2 Kxf7 65. Qb7+ Ne7 66. Qe4 Rd2+ 67.
Kf1 Ke6 68. Qb4 Rd1+ 69. Ke2 Rh1 70. Qb6+ N7c6 71. Qb3+ Kf5 72. Qc2+ Kf6 73. Qe4
Ra1 74. Qh4+ Ke6 75. Qh3+ Kd6 76. Qh6+ Kd5 77. Qh8 Nd4+ 78. Kf2 Nf5 79. Qg8+ Ke4
80. Qb3 Ng4+ 81. Kg2 Nfe3+ 82. Kg3 Rg1+ 83. Kh4 Nf5+ 84. Kh3 Nge3 85. Qb7+ Nd5
86. Kh2 Rf1 87. Qa6 Rf4 88. Qe6+ Kd4 89. Qd7 Rh4+ 90. Kg1 Ke5 91. Qe8+ Nde7 92.
Qb8+ Kf6 93. Qb2+ Kf7 1/2-1/2

[Event "40th Olympiad Women"]
[Site "Istanbul TUR"]
[Date "2012.09.04"]
[Round "7.6"]
[Board "2"]
[White "Botsari, Anna-Maria"]
[Black "Vega Gutierrez, Sabrina"]
[Result "1-0"]
[WhiteTitle "WGM"]
[BlackTitle "WGM"]
[WhiteElo "2336"]
[BlackElo "2355"]
[WhiteTeam "Greece"]
[BlackTeam "Spain"]
[WhiteFideId "4200446"]
[BlackFideId "2219026"]
[EventDate "2012.08.28"]

1. d4 d5 2. Nf3 c6 3. g3 Nf6 4. Bg2 Bf5 5. O-O Nbd7 6. c4 e6 7. Qb3 Qb6 8. Nc3
Qxb3 9. axb3 Bc2 10. Nd2 Bb4 11. e4 dxe4 12. Ncxe4 O-O 13. Ra4 a5 14. c5 Nd5 15.
Nd6 b6 16. Be4 Bxe4 17. N2xe4 bxc5 18. Nxc5 Nxc5 19. dxc5 Bxc5 20. Nc4 Bb4 21.
Bd2 Bxd2 22. Nxd2 Rfb8 23. Rc1 Ra6 24. Rc5 Rb5 25. Rac4 Rbb6 26. Ra4 h5 27.
Rcxa5 Rxa5 28. Rxa5 h4 29. Kg2 f6 30. Ra4 Nb4 31. Ra8+ Kh7 32. Rd8 Nd5 33. f4
Kg6 34. Rd6 Kf5 35. Kf3 Rb4 36. Rxc6 Rd4 37. Ke2 hxg3 38. hxg3 e5 39. fxe5 fxe5
40. Rc4 Nb4 41. Ke3 Nd5+ 42. Ke2 Nb4 43. Ke3 Nd5+ 44. Ke2 Nb4 45. Rxd4 exd4 46.
Kf3 Nc2 47. Nc4 d3 48. g4+ Kg5 49. Nd2 Kh4 50. Kf4 g5+ 51. Kf5 Nd4+ 52. Ke4 Nc6
53. Kxd3 Kxg4 54. Ke4 Nb4 55. Nf3 Na6 56. Ne5+ Kh5 57. Nd3 g4 58. b4 g3 59. Kf3
Kh4 60. b5 Nb8 61. b6 Kh3 62. Nf4+ Kh4 63. Ne6 Kh3 64. b4 Kh2 65. Nf4 Nd7 66. b7
Nb8 67. b5 Nd7 68. Ke3 Kg1 69. Ne2+ Kh2 70. Nxg3 Kxg3 71. Kd4 Kf4 72. Kd5 Nb8
73. Kd6 1-0

[Event "40th Olympiad Women"]
[Site "Istanbul TUR"]
[Date "2012.09.04"]
[Round "7.6"]
[Board "3"]
[White "Calzetta Ruiz, Monica"]
[Black "Fakhiridou, Ekaterini"]
[Result "1-0"]
[WhiteTitle "WGM"]
[BlackTitle "WIM"]
[WhiteElo "2276"]
[BlackElo "2215"]
[WhiteTeam "Spain"]
[BlackTeam "Greece"]
[WhiteFideId "2204185"]
[BlackFideId "4202848"]
[EventDate "2012.08.28"]

1. e4 c5 2. Nf3 d6 3. d4 cxd4 4. Nxd4 Nf6 5. Nc3 a6 6. Be2 e5 7. Nb3 Be7 8. O-O
O-O 9. f4 exf4 10. Bxf4 Nc6 11. Kh1 Be6 12. Qe1 Ne5 13. Rd1 Qc7 14. Qg3 Kh8 15.
Nd4 Rac8 16. Bc1 b5 17. a3 Qb7 18. Rfe1 Rc5 19. Nf5 Bxf5 20. exf5 Rfc8 21. Be3
Rxc3 22. bxc3 Ne4 23. Qh3 Nxc3 24. Rd4 Bf6 25. Rxd6 Qe7 26. Rxa6 Nxe2 27. Rxe2
Nc4 28. Qf3 b4 29. Bg1 Ne5 30. Ra8 Qc7 31. Rxc8+ Qxc8 32. Qb3 bxa3 33. Qxa3 h6
34. h3 Kh7 35. Qa4 Qb7 36. Qe4 Qb5 37. Bd4 Nd7 38. Bxf6 Nxf6 39. Qd3 Qb1+ 40.
Kh2 Qb8+ 41. Qg3 Qb5 42. Re7 Qc4 43. c3 h5 44. Rc7 Qd5 45. Qf4 Kg8 46. Rc8+ Kh7
47. c4 Qd3 48. Qb8 Kh6 49. Rh8+ Kg5 50. Qg3+ Qxg3+ 51. Kxg3 Kxf5 52. Kf3 g5 53.
Rxh5 Nd7 54. g4+ Kg6 55. Ke3 f5 56. Rh8 fxg4 57. hxg4 Ne5 58. Rg8+ Kf6 59. c5
Nxg4+ 60. Kd4 Nh6 61. Re8 g4 62. c6 Nf5+ 63. Kc5 g3 64. c7 g2 65. Re1 Ne7 66.
Rg1 Ke6 67. Rxg2 Kd7 68. Rg7 1-0

[Event "40th Olympiad Women"]
[Site "Istanbul TUR"]
[Date "2012.09.04"]
[Round "7.6"]
[Board "4"]
[White "Pavlidou, Ekaterini"]
[Black "Hernandez Estevez, Yudania"]
[Result "0-1"]
[WhiteTitle "WIM"]
[BlackTitle "WIM"]
[WhiteElo "2237"]
[BlackElo "2252"]
[WhiteTeam "Greece"]
[BlackTeam "Spain"]
[WhiteFideId "4213262"]
[BlackFideId "2219344"]
[EventDate "2012.08.28"]

1. d4 d5 2. c4 c6 3. Nf3 Nf6 4. Nc3 dxc4 5. a4 Bf5 6. Nh4 Bg4 7. h3 Bc8 8. e3 g6
9. Bxc4 Bg7 10. O-O O-O 11. e4 a5 12. Be3 Na6 13. Nf3 Nb4 14. Qe2 Qc7 15. Rac1
Qb8 16. Rfd1 Nd7 17. Bg5 Re8 18. Bb3 Nf8 19. Qe3 Ne6 20. Bh4 Qa7 21. e5 Nc7 22.
Ng5 Rf8 23. Qf3 h6 24. Nge4 Ncd5 25. Nxd5 cxd5 26. Nc3 e6 27. Be7 Bd7 28. Bxf8
Rxf8 29. Nb5 Qb6 30. Nd6 f6 31. Qe3 Nc6 32. exf6 Bxf6 33. Nb5 Kg7 34. Rc3 Bg5
35. Qe2 Rf4 36. Rf3 Re4 37. Qc2 Bf6 38. Qc5 Qxc5 39. dxc5 Ne5 40. Re3 Rb4 41.
Nd6 d4 42. Rg3 Bh4 43. Rgd3 Nxd3 44. Rxd3 Bf6 45. g4 Bc6 46. f4 e5 47. fxe5 Bxe5
48. h4 Kf8 49. h5 g5 50. Kf2 Bf4 51. Nf5 Be5 52. Nxh6 Be4 53. Rh3 d3 54. Bd1
Bd4+ 55. Ke1 Rxb2 56. Bf3 Be3 57. Bd1 Bxc5 58. Bf3 Be3 59. Bd1 Bf2+ 60. Kf1 Bc5 0-1

[Event "40th Olympiad Women"]
[Site "Istanbul TUR"]
[Date "2012.09.04"]
[Round "7.7"]
[Board "1"]
[White "Tsiganova, Monika"]
[Black "Harika, Dronavalli"]
[Result "0-1"]
[WhiteTitle "WIM"]
[BlackTitle "GM"]
[WhiteElo "2164"]
[BlackElo "2503"]
[WhiteTeam "Estonia"]
[BlackTeam "India"]
[WhiteFideId "4500199"]
[BlackFideId "5015197"]
[EventDate "2012.08.28"]

1. d4 Nf6 2. c4 g6 3. Nf3 Bg7 4. g3 O-O 5. Bg2 d6 6. O-O c6 7. Nc3 Bf5 8. b3 Ne4
9. Bb2 Nxc3 10. Bxc3 Be4 11. Qd2 Nd7 12. Rac1 Nf6 13. Rfd1 e6 14. Qf4 a5 15. Bh3
Bxf3 16. Qxf3 d5 17. Qd3 Ne4 18. Bb2 f5 19. Bg2 a4 20. f3 Nf6 21. Rc2 Bh6 22.
Bc1 Bxc1 23. Rdxc1 axb3 24. axb3 Ra3 25. Rc3 Qb6 26. Rd1 Qb4 27. Qe3 Re8 28. c5
Nd7 29. f4 Nf6 30. Rb1 Ra2 31. Rd3 Ng4 32. Qf3 Rea8 33. h3 Ra1 34. Rbd1 Nf6 35.
Qf1 R1a2 36. Rb1 Ne4 37. Bxe4 dxe4 38. Rdd1 Qc3 39. Qf2 Rc2 40. Kf1 Raa2 41. Qe1
Qe3 0-1

[Event "40th Olympiad Women"]
[Site "Istanbul TUR"]
[Date "2012.09.04"]
[Round "7.7"]
[Board "4"]
[White "Soumya, Swaminathan"]
[Black "Narva, Regina R."]
[Result "0-1"]
[WhiteTitle "WGM"]
[BlackTitle "WFM"]
[WhiteElo "2271"]
[BlackElo "2042"]
[WhiteTeam "India"]
[BlackTeam "Estonia"]
[WhiteFideId "5016193"]
[BlackFideId "4500237"]
[EventDate "2012.08.28"]

1. e4 c5 2. Nf3 d6 3. d4 cxd4 4. Nxd4 Nf6 5. Nc3 g6 6. Be3 Bg7 7. f3 Nc6 8. Qd2
O-O 9. g4 Be6 10. Nxe6 fxe6 11. O-O-O Ne5 12. Be2 Rc8 13. Nb5 a6 14. Nd4 Qd7 15.
Bh6 Nc4 16. Bxc4 Rxc4 17. Bxg7 Kxg7 18. h4 e5 19. Ne2 Rfc8 20. c3 b5 21. h5 Qe6
22. hxg6 hxg6 23. Kb1 a5 24. Ng3 b4 25. cxb4 Rxb4 26. g5 Ng8 27. Qh2 Rcb8 28.
Rd2 Ra4 29. Rd5 Rab4 30. Qh7+ Kf8 31. Rh2 a4 32. Nf1 a3 33. b3 Qc8 34. Qxg6 Qc3
35. Qf5+ Ke8 36. Rc2 Qe1+ 37. Rc1 Rxb3+ 38. axb3 Rxb3+ 39. Ka2 Rb2+ 40. Kxa3
Qxc1 41. Qc8+ Qxc8 42. Kxb2 Qh3 43. Nd2 Qg2 44. Kc2 Qxg5 0-1

[Event "40th Olympiad Women"]
[Site "Istanbul TUR"]
[Date "2012.09.04"]
[Round "7.8"]
[Board "2"]
[White "Aliaga Fernandez, Ingrid Y"]
[Black "Gevorgyan, Irina"]
[Result "1/2-1/2"]
[WhiteTitle "WFM"]
[BlackTitle "WFM"]
[WhiteElo "2169"]
[BlackElo "2178"]
[WhiteTeam "Peru"]
[BlackTeam "Uzbekistan"]
[WhiteFideId "3802191"]
[BlackFideId "14201437"]
[EventDate "2012.08.28"]

1. e4 c5 2. Nf3 e6 3. c4 a6 4. Nc3 Qc7 5. Be2 Nf6 6. O-O Bd6 7. h3 Nc6 8. Re1
O-O 9. Bf1 b6 10. d3 h6 11. Be3 Bb7 12. Rc1 Ne5 13. d4 cxd4 14. Bxd4 Rab8 15.
Nxe5 Bxe5 16. Bxe5 Qxe5 17. Qd3 Rfd8 18. Rcd1 d6 19. Qe3 Qc5 20. Rd2 Qxe3 21.
Rxe3 Kf8 22. f3 Ke7 23. Red3 Nh5 24. Kf2 Nf4 25. Re3 g5 26. Re1 h5 27. g3 Ng6
28. Red1 h4 29. gxh4 Nxh4 30. Be2 Ng6 31. Rg1 Nf4 32. Bf1 Rh8 33. Rxg5 Nxh3+ 34.
Bxh3 Rxh3 35. b3 Bc6 36. Rg3 Rh5 37. Ne2 Rc8 38. Nf4 Rh4 39. Ke3 b5 40. Rg7 Rh1
41. Rgg2 bxc4 42. bxc4 Ba4 43. Rd4 Re1+ 44. Re2 Rxe2+ 45. Kxe2 Rh8 46. Rd2 Rh1
47. Nd3 f5 48. exf5 exf5 49. Ke3 Bc6 50. Rf2 a5 51. Kd2 Rh4 52. c5 Ra4 53. cxd6+
Kxd6 54. Nc1 Ra3 55. f4 Be4 56. Rh2 a4 57. Rh6+ Kc5 58. Rh8 Rf3 59. Rc8+ Kb4 60.
Ne2 Rd3+ 61. Ke1 Ra3 62. Rb8+ Kc4 63. Rc8+ Kd3 64. Rd8+ Ke3 65. Rc8 Kd3 66. Rd8+
Kc2 67. Rc8+ Kb2 68. Rb8+ Kc2 69. Rc8+ Kb2 70. Rb8+ Kc2 1/2-1/2

[Event "40th Olympiad Women"]
[Site "Istanbul TUR"]
[Date "2012.09.04"]
[Round "7.8"]
[Board "3"]
[White "Tohirjonova, Hulkar"]
[Black "Chumpitaz, Ann"]
[Result "0-1"]
[WhiteTitle "WFM"]
[BlackTitle "WFM"]
[WhiteElo "2147"]
[BlackElo "2160"]
[WhiteTeam "Uzbekistan"]
[BlackTeam "Peru"]
[WhiteFideId "14202247"]
[BlackFideId "3804178"]
[EventDate "2012.08.28"]

1. e4 c5 2. Nf3 Nc6 3. d4 cxd4 4. Nxd4 g6 5. Nc3 Bg7 6. Be3 Nf6 7. Bc4 O-O 8.
Bb3 d6 9. f3 Bd7 10. h4 h5 11. Qd2 Rc8 12. O-O-O Ne5 13. Bh6 Bxh6 14. Qxh6 Rxc3
15. bxc3 Qa5 16. Qe3 Rc8 17. Ne2 Qa3+ 18. Kb1 a5 19. f4 Neg4 20. Qd4 a4 21. Bd5
Nxd5 22. exd5 Bb5 23. Rhe1 Bc4 24. Nc1 Nf6 25. Qb6 Nxd5 26. Rxd5 Bxd5 27. Qb4
Qxc3 28. Qxc3 Rxc3 29. Rxe7 Rg3 30. Rd7 Bxg2 31. Rxd6 Rg4 32. Nd3 Rxh4 33. Kb2
Bc6 34. Kc3 Rg4 35. Kd4 h4 36. Ke5 Kg7 37. Nf2 Rg2 38. Nh3 Re2+ 39. Kd4 Rd2+ 40.
Ke5 Rxd6 41. Kxd6 Bg2 42. Nf2 f5 43. c4 h3 44. Kc5 h2 45. Kb4 h1=Q 46. Nxh1 Bxh1 0-1

[Event "40th Olympiad Women"]
[Site "Istanbul TUR"]
[Date "2012.09.04"]
[Round "7.8"]
[Board "4"]
[White "Sanchez Zambrano, Vanessa"]
[Black "Nadirjanova, Nodira"]
[Result "0-1"]
[WhiteElo "1858"]
[BlackElo "2185"]
[WhiteTeam "Peru"]
[BlackTeam "Uzbekistan"]
[WhiteFideId "3804925"]
[BlackFideId "14201232"]
[EventDate "2012.08.28"]

1. d4 d5 2. c4 dxc4 3. Nf3 Nf6 4. e3 e6 5. Bxc4 c5 6. O-O a6 7. Bb3 cxd4 8. exd4
Nc6 9. Bg5 Be7 10. Nc3 O-O 11. Qd2 Na5 12. Bc2 b5 13. Qf4 Bb7 14. Qh4 g6 15. d5
Bxd5 16. Rad1 Ra7 17. Rfe1 Re8 18. Ne5 Rc7 19. Qf4 Nc4 20. Nxd5 exd5 21. Bb3 Rf8
22. Bxc4 bxc4 23. Bh6 Re8 24. Bg5 Qd6 25. Ng4 Qxf4 26. Bxf4 Rcc8 27. Bg5 Nxg4
28. Bxe7 Rc7 29. Bd6 Rxe1+ 30. Rxe1 Rd7 31. Re8+ Kg7 32. Bf8+ Kf6 0-1

[Event "40th Olympiad Women"]
[Site "Istanbul TUR"]
[Date "2012.09.04"]
[Round "7.9"]
[Board "1"]
[White "Borosova, Zuzana"]
[Black "Pourkashiyan, Atousa"]
[Result "0-1"]
[WhiteTitle "WGM"]
[BlackTitle "WGM"]
[WhiteElo "2280"]
[BlackElo "2313"]
[WhiteTeam "Slovakia"]
[BlackTeam "Iran"]
[WhiteFideId "14905779"]
[BlackFideId "12502014"]
[EventDate "2012.08.28"]

1. e4 c5 2. Nf3 e6 3. d4 cxd4 4. Nxd4 a6 5. Bd3 Bc5 6. Nb3 Ba7 7. Qe2 Nc6 8. Be3
d6 9. f4 Nf6 10. N1d2 O-O 11. O-O-O Bxe3 12. Qxe3 e5 13. Rhg1 b5 14. f5 Nb4 15.
Kb1 Nxd3 16. Qxd3 Bb7 17. g4 Qc7 18. g5 Nh5 19. f6 g6 20. Nc1 Rfd8 21. Ne2 d5
22. Qe3 Rac8 23. Rc1 Qc5 24. Qxc5 Rxc5 25. Nb3 Rcc8 26. exd5 Bxd5 27. Nc3 h6 28.
h4 b4 29. Nxd5 Rxd5 30. c4 bxc3 31. Rxc3 Rcd8 32. Re3 Nf4 33. Re4 Nh3 34. Rge1
hxg5 35. hxg5 Nxg5 36. Rxe5 Rxe5 37. Rxe5 Ne6 38. a4 Kh7 39. Kc2 g5 40. Nd2 Rc8+
41. Kd3 Rc5 42. Re1 Rd5+ 43. Kc3 Kg6 44. Ne4 Nc5 45. b4 Nxa4+ 46. Kb3 Nb6 47.
Ra1 Rd3+ 48. Kc2 Rd4 49. Nc3 Rxb4 50. Rxa6 g4 51. Kd2 Nd7 52. Ra7 Nxf6 53. Ra6
Rf4 54. Ke2 Kg7 55. Nd1 Nd5 56. Rd6 Rf5 57. Ne3 Nxe3 58. Kxe3 Rf3+ 59. Ke2 Rf4
60. Ke3 Ra4 61. Kf2 f6 62. Kg3 Kg6 63. Kh4 Kf5 64. Rb6 Ke5 65. Rb5+ Kf4 66. Rb1
f5 67. Rf1+ Ke4 68. Re1+ Kf3 69. Rb1 Re4 70. Rb3+ Re3 71. Rb5 f4 72. Re5 g3 0-1